| 000 | nam a22 7a 4500 | ||
|---|---|---|---|
| 999 |
_c7222 _d7222 |
||
| 003 | OSt | ||
| 005 | 20190529153832.0 | ||
| 008 | 190529e201812 spca |00 0bcat|d | ||
| 020 | _a9788494637612 | ||
| 040 |
_aES-BaUAB _bcat _cCDMR |
||
| 100 | 1 |
_aCadena, Josep M. _q(Josep Maria) _d1935- _92992 |
|
| 245 | 1 | 0 |
_aShum _b: el dibuixant anarquista / _cJosep Maria Cadena, Jaume Capdevila, Lluís Solà i Dachs |
| 260 |
_a[Barcelona] : _bDiminuta Editorial, _c2018 |
||
| 300 |
_a159 p. : _bil ; _c24 cm |
||
| 504 | _aBibliografia | ||
| 600 | 0 | 4 |
_aShum, _d1897-1967 |
| 650 | 0 | 7 |
_aHumorisme gràfic _xHistòria _2lemac _93162 _zCatalunya |
| 650 | 0 | 7 |
_aDibuixants _xHistòria _2lemac _93384 _zCatalunya |
| 700 | 1 |
_aCapdevila, Jaume, _d1974- |
|
| 700 | 1 |
_aSolà i Dachs, Lluís _d1932- _9555 |
|
| 942 | _cMON | ||